Les films français des années 2000 - Statistiques

Statistiques générales
  • Ce quiz a été pris 105 fois
  • Le résultat moyen est 12 sur 20
Statistiques - réponses
Par images Hint Réponse % Correct
2004 Les Choristes
100%
2002 Astérix et Obélix - Mission Cléopâtre
98%
2006 Camping
98%
2006 Arthur et les Minimoys
97%
2006 OSS 117 - Le Caire, nid d'espions
93%
2004 RRRrrrr!!!
92%
2001 Le Fabuleux Destin d'Amélie Poulain
88%
2007 La Môme
84%
2009 LOL (Laughing out loud)
78%
2006 Nos jours heureux
60%
2002 L'Auberge espagnole
56%
2003 Jeux d'enfants
51%
2009 Un prophète
42%
2004 Un long dimanche de fiançailles
40%
2001 La Pianiste
36%
2000 Les Rivières pourpres
34%
2000 Le Goût des autres
27%
2005 De battre mon cœur s'est arrêté
22%
2000 Harry, un ami qui vous veut du bien
13%
2008 Deux jours à tuer
6%
Aucun quiz correspondant
Distribution des résultats
% des personnes avec chaque résultat
Percentile par nombre de réponses
Votre historique - résultats
Vous n’avez pas pris ce quiz